00732cam a2200217 a 4500001000500000005001700005020001800022040002300040050002100063082001500084100001800099245006900117260003400186300004600220505000800266520013200274521002000406521002000426650002200446700004600468298120250826142917.0 a9780590416023 aDLCcDLCdDLCbeng00aPZ8.1.M173b198600a398.2109441 aMcGovern, Ann10aStone soup /cby Ann McGovern ; pictures by Winslow Pinney Pels. aNew York :bScholastic,c1986 a32 pages :bcolor illustrations ;c21 cm. aJ  aWhen the little old lady claims she has no food to give him, a hungry young man proceeds to make a soup with a stone and water. a480 bLexile  aJ bRaz-Plus  1aFolklorezfiction1 aPels, Winslow Pinneyd1947-eillustrator